000 00328nam a2200133Ia 4500
008 240624s9999 xx 000 0 und d
041 _aeng
082 _a828 BAN
100 _aBANSAL RASHMI
245 _aCONNECT THE DOTS
260 _c2010
_aAhmedabad
_bEklavya Education Foundation
300 _a305 p.; 23 cm.
365 _cRS
999 _c31762
_d31762